| 000 | 00535nam a22002057a 4500 | ||
|---|---|---|---|
| 003 | NUST-PNEC | ||
| 005 | 20170116180920.0 | ||
| 008 | 140429b xxu||||| |||| 00| 0 eng d | ||
| 020 | _a058240519X. | ||
| 040 | _cPNEC | ||
| 082 | _a621.3 HUG | ||
| 100 |
_960 _aHughes, Edward |
||
| 245 |
_aElectrical & electronic technology _cEdward Hughes |
||
| 250 | _a8th ed. | ||
| 260 |
_aNew Delhi _bPearson Education _cc.2006. |
||
| 300 |
_axv, 896 p. : _bill. : _c24 cm. |
||
| 500 | _aIncludes index. | ||
| 650 | _xEE, EL | ||
| 942 |
_2ddc _cBK |
||
| 999 |
_c65596 _d65596 |
||